Welcome to CU Library Online Public Access Catalogue (OPAC)

Hospital and Clinical Pharmacy/ (Record no. 7720)

MARC details
000 -LEADER
fixed length control field 00476nam a22001577a 4500
005 - DATE AND TIME OF LATEST TRANSACTION
control field 20250925132915.0
008 - FIXED-LENGTH DATA ELEMENTS--GENERAL INFORMATION
fixed length control field 250925b |||||||| |||| 00| 0 eng d
020 ## - INTERNATIONAL STANDARD BOOK NUMBER
International Standard Book Number 9788123905662
050 ## - LIBRARY OF CONGRESS CALL NUMBER
Classification number RS152 SID
100 ## - MAIN ENTRY--PERSONAL NAME
Personal name Siddiqui, Anees Ahmed
245 ## - TITLE STATEMENT
Title Hospital and Clinical Pharmacy/
Statement of responsibility, etc. Anees Ahmed Siddiqui & Mohammed Ali
260 ## - PUBLICATION, DISTRIBUTION, ETC.
Place of publication, distribution, etc. New Delhi
Name of publisher, distributor, etc. CBS Publishers & Distributors
Date of publication, distribution, etc. 2006
300 ## - PHYSICAL DESCRIPTION
Extent vii. 188p.
Other physical details ill.
Dimensions 21.5cm
700 ## - ADDED ENTRY--PERSONAL NAME
Personal name Ali, Mohammed
942 ## - ADDED ENTRY ELEMENTS (KOHA)
Source of classification or shelving scheme Library of Congress Classification
Koha item type Books
Suppress in OPAC No
999 ## -
-- 7720
-- 7720
Holdings
Withdrawn status Lost status Source of classification or shelving scheme Damaged status Not for loan Collection Home library Current library Shelving location Date acquired Total checkouts Full call number Barcode Date last seen Copy number Price effective from Koha item type
    Library of Congress Classification     Non-fiction Science Library (Miotso) Science Library (Miotso) General stacks 09/25/2025   RS152 SID SLM00004380 09/25/2025 1 09/25/2025 Books
© 2023-2024 Copyright: Central University Libraries. All Rights Reserved | Created by: Mahone Tech Office